00639nam a2200205Ia 4500003000900000008004100009040001300050040001300063041000800076100001500084245005600099250001000155260002100165260000900186300000800195490000600203942000700209999001700216952020000233IT-RoPAU120407s9999 xx 000 0 und d aIT-RoPAU cIT-RoPAU aita aRino Pilli aReligione sì€, preti no!? Rispondo ad un comunista aRoma  aEdizioni Paoline c1946 c cm v1 cBK c21230d21230 00102ddc406208_28900000000000071aPAULUSbPAULUSd2012-04-11l0o208.289r2012-04-11 00:00:00w2012-04-11yBKzInserito da: Mario In data: 19 settembre 2011 fondo: Via A.Severo 56 Progr:30858